00501nam a2200169Ia 450000500170000000800410001704000190005804100120007708200160008910000170010524501200012226000310024230000100027350400190028365000190030285000100032120240801112109.0131103s9999 xx 000 0 und d aLoreto College aEnglish a821.07bMUR aMurphy, M.J. aUnderstanding unseensb an introduction to english poetry and the english novel for overseas students cM.J. Murphy aLondonbGeorge allenc1972 a217p  aIncludes index aEnglish poetry aLCBED